[Event "IX Sants Open"]
[Site "Barcelona ESP"]
[Date "2007.08.30"]
[Round "7"]
[White "White,Mi"]
[Black "Narciso Dublan,M"]
[Result "0-1"]
[WhiteElo "2246"]
[BlackElo "2552"]

1.e4 e6 2.d4 d5 3.Nd2 Be7 4.Ngf3 Nf6 5.e5 Nfd7 6.Bd3 c5 7.c3 b6 8.Qa4 a5
9.dxc5 bxc5 10.Qg4 g6 11.O-O c4 12.Bc2 a4 13.Re1 Nc6 14.Nf1 a3 15.b3 cxb3
16.axb3 Qc7 17.Qg3 Bb7 18.Ra2 d4 19.Nxd4 Nxd4 20.cxd4 Nb6 21.Ne3 Nd5 22.Nxd5 Bxd5
23.Bh6 Kd7 24.h3 Rhb8 25.Bd2 Ke8 26.Re3 Bb4 27.Bc1 Rb6 28.Re2 Rc6 29.Bg5 Rc8
30.Bd1 Rc3 31.Re3 Rxe3 32.Bxe3 Qc3 33.Bd2 Qxg3 34.fxg3 Bxd2 35.Rxd2 Rc1 36.Kf2 a2
37.Rxa2 Rxd1 38.Ke3 Rb1 39.Kf4 Rxb3 40.Rd2 h6 41.h4 Rb1 42.g4 Re1 43.g5 Re4+
44.Kg3 h5 45.Kh3 Bc4 46.Kg3 Re3+ 47.Kf2 Rd3  0-1

[Event "1st Serbian League Men"]
[Site "Zlatibor SRB"]
[Date "2007.09.01"]
[Round "11"]
[White "Iordachescu,V"]
[Black "Drasko,M"]
[Result "1-0"]
[WhiteElo "2584"]
[BlackElo "2552"]

1.e4 e6 2.d4 d5 3.Nd2 Nc6 4.Ngf3 Nf6 5.e5 Nd7 6.Bd3 f6 7.Ng5 Ndxe5 8.dxe5 fxg5
9.Qh5+ g6 10.Bxg6+ Kd7 11.f4 gxf4 12.Bd3 Qe8 13.Qe2 b6 14.O-O Bg7 15.Rxf4 Nxe5
16.Nf3 Nxd3 17.cxd3 Ba6 18.Ra4 Bb5 19.Rg4 Rg8 20.Bf4 Bf6 21.Ne5+ Kc8 22.Rxg8 Qxg8
23.a4 Be8 24.a5 Bb5 25.Qc2 Qg7 26.d4 bxa5 27.Ra3 Bxe5 28.Bxe5 Qd7 29.Rc3 c6
30.Rg3 Qf7 31.h3 Qf1+ 32.Kh2 Kb7 33.Qxh7+ Ka6 34.Qc7 Qf8 35.Rg7 Qc8 36.Qe7 a4
37.h4 Bd3 38.h5 c5 39.Qd6+ Kb5 40.Rc7  1-0

[Event "IX Sants Open"]
[Site "Barcelona ESP"]
[Date "2007.09.02"]
[Round "10"]
[White "Gonzalez Garcia,J"]
[Black "Karlsson,L"]
[Result "1-0"]
[WhiteElo "1914"]
[BlackElo "2493"]

1.d4 e6 2.e4 d5 3.Nd2 a6 4.Bd3 c5 5.dxc5 Bxc5 6.Ngf3 Nf6 7.O-O O-O 8.e5 Nfd7
9.Nb3 Be7 10.Re1 Nc6 11.c3 f6 12.exf6 Nxf6 13.Nbd4 Bc5 14.Be3 Bd6 15.Nxc6 bxc6
16.Bd4 c5 17.Be5 Rb8 18.b3 a5 19.Qe2 Qc7 20.Bxd6 Qxd6 21.Ne5 Rb6 22.Qe3 Qc7
23.Rad1 Bb7 24.Rc1 Rd6 25.Qh3 a4 26.bxa4 c4 27.Bc2 Ne4 28.Rb1 Rb6 29.Nd7 Qf4
30.Nxf8 Qxf2+ 31.Kh1 Rxb1 32.Qxe6+ Kxf8 33.Rxb1 Qxc2 34.Rf1+ Nf6 35.Qd6+ Kf7
36.Qc7+ Kg6 37.Qxb7 Qxc3 38.Qb1+ Ne4 39.Qb6+ Kh5 40.Qe6 Qd4 41.Qh3+ Kg6 42.Qf5+ Kh6
43.g4 Ng5 44.h4 Qe4+ 45.Kh2 Qxf5 46.Rxf5 Ne4 47.Rxd5 c3 48.Rd4  1-0

[Event "Open"]
[Site "Liverpool ENG"]
[Date "2007.09.03"]
[Round "2"]
[White "Reppen,E"]
[Black "Redmond,J"]
[Result "1-0"]
[WhiteElo "1922"]
[BlackElo "2212"]

1.e4 e6 2.d4 d5 3.Nd2 Nc6 4.c3 e5 5.exd5 Qxd5 6.dxe5 Nxe5 7.Qb3 Be6 8.Qxd5 Bxd5
9.Nb3 O-O-O 10.Bf4 Bxg2 11.Bxg2 Nd3+ 12.Kf1 Nxf4 13.Bf3 Nf6 14.Ne2 Nd3 15.Rd1 Be7
16.Na5 Nc5 17.Nd4 Rhe8 18.b4 Nce4 19.Kg2 Bf8 20.Rhe1 c6 21.Re3 Ng5 22.Rxe8 Rxe8
23.b5 Nxf3 24.Kxf3 cxb5 25.Nxb5 a6 26.Nd4 Rd8 27.Rb1 Rd7 28.Nc4 Rc7 29.Nb6+ Kb8
30.Rb3 Bc5 31.Na4 Ba7 32.Nf5 g6 33.Nd6 Rd7 34.Nc4 Kc7 35.Ne5 Rd2 36.Rb2 Rd5
37.Re2 Ra5 38.Nb2 Rxa2 39.Nxf7 Nd5 40.c4 Nc3 41.Re7+ Kc6 42.Nd3 Rd2 43.Nfe5+ Kb6
44.c5+ Ka5 45.Nc4+  1-0

[Event "12th ch-Asia w"]
[Site "Tehran IRI"]
[Date "2007.09.04"]
[Round "2"]
[White "Ghader Pour,S"]
[Black "Le Thanh Tu"]
[Result "0-1"]
[WhiteElo "2190"]
[BlackElo "2318"]

1.e4 e6 2.d4 d5 3.Nd2 Be7 4.Bd3 c5 5.dxc5 Nf6 6.Qe2 Nc6 7.c3 Ne5 8.Bc2 Bxc5
9.Qb5+ Ned7 10.Ngf3 Qb6 11.Qe2 dxe4 12.Nxe4 Nxe4 13.Bxe4 Nf6 14.Bd3 Bd7 15.O-O a6
16.b4 Bd6 17.Be3 Qc7 18.Bd4 Nd5 19.Ne5 Nf4 20.Qe3 Nxd3 21.Nxd3 Bb5 22.Rfe1 Bxd3
23.Qxd3 O-O 24.Qe4 Bxh2+ 25.Kh1 Bd6 26.Re3 Rfe8 27.Rae1 Re7 28.Qg4 e5 29.Rg3 f5  0-1

[Event "FSGM September"]
[Site "Budapest HUN"]
[Date "2007.09.05"]
[Round "5"]
[White "Khakimov,T"]
[Black "Berczes,D"]
[Result "1/2-1/2"]
[WhiteElo "2409"]
[BlackElo "2450"]

1.e4 e6 2.d4 d5 3.Nd2 Nc6 4.Ngf3 Nf6 5.e5 Nd7 6.Bb5 a6 7.Bxc6 bxc6 8.Nb3 c5
9.Bg5 Be7 10.Na5 Nxe5 11.dxe5 Bxg5 12.Nc6 Qd7 13.Nxg5 h6 14.Nh3 Qxc6 15.Qg4 O-O
16.Nf4 Qb5 17.O-O-O Qa4 18.Rd3 f5 19.Qg3 c4 20.Nh5 Rf7 21.Ra3 Qb4 22.Rf3 Rb8
23.b3 Qa3+ 24.Kd2 d4 25.Qh4 Qa5+ 26.Kc1 Qxe5 27.bxc4 g5 28.Qg3 f4 29.Qh3 d3
30.Rxd3 Qb2+ 31.Kd2 Qb4+ 32.Kd1 Qb1+ 33.Kd2 Qb4+ 34.Kd1 Qxc4 35.Rd8+ Kh7
36.Kd2 Qb4+ 37.Qc3 Qxc3+ 38.Kxc3 Kg6 39.g4 Ra8  1/2-1/2

[Event "UK-CHN Match"]
[Site "Liverpool ENG"]
[Date "2007.09.05"]
[Round "2"]
[White "Jones,G"]
[Black "Hou Yifan"]
[Result "1-0"]
[WhiteElo "2526"]
[BlackElo "2523"]

1.e4 e6 2.d4 d5 3.Nd2 Be7 4.Ngf3 Nf6 5.e5 Nfd7 6.Bd3 c5 7.c3 b6 8.Qe2 a5
9.O-O Ba6 10.c4 Nc6 11.cxd5 Bxd3 12.Qxd3 Nb4 13.Qe4 exd5 14.Qg4 O-O 15.Rd1 Kh8
16.Nf1 Nc2 17.Rb1 Nxd4 18.Nxd4 cxd4 19.Qxd4 Bc5 20.Qxd5 Nxe5 21.Be3 Qxd5
22.Rxd5 Bxe3 23.Nxe3 f6 24.f4 Ng6 25.g3 Rab8 26.Rc1 Kg8 27.Rc7 Rfc8 28.Rdd7 Rxc7
29.Rxc7 Rd8 30.Rb7 Rd3 31.Nc4 Rd4 32.b3 Rd1+ 33.Kg2 Rc1 34.a4 Rc2+ 35.Kg1 Rc1+
36.Kf2 Rc2+ 37.Kf3 Rc3+ 38.Ke4 Rxb3 39.Rxb6 Rc3 40.Kd4 Rc1 41.Nxa5 Rc2 42.Nc4 Rxh2
43.Rb2 Rh1 44.Ra2 Ne7 45.a5 Nc6+ 46.Kc5 Nxa5 47.Rxa5 h5 48.Ne3 h4 49.gxh4 Rxh4
50.Nd5 Kf7 51.Kd6 Rh1 52.Ra7+ Kg6 53.Ne7+ Kh5 54.f5 Re1 55.Ra2 Re5 56.Rh2+ Kg5
57.Rh7  1-0

[Event "UK-CHN Match"]
[Site "Liverpool ENG"]
[Date "2007.09.05"]
[Round "2"]
[White "Zhang Pengxiang"]
[Black "Pert,N"]
[Result "1-0"]
[WhiteElo "2649"]
[BlackElo "2536"]

1.e4 e6 2.d4 d5 3.Nd2 Be7 4.Bd3 c5 5.dxc5 Nf6 6.Qe2 Nc6 7.Ngf3 Nb4 8.O-O Nxd3
9.cxd3 Bxc5 10.Nb3 Be7 11.Bg5 h6 12.Bh4 Bd7 13.Rac1 dxe4 14.dxe4 Qb6 15.Rfd1 Ba4
16.Rc3 Rd8 17.Rxd8+ Qxd8 18.Nc5 Bc6 19.Ne5 Bxc5 20.Nxc6 bxc6 21.Rxc5 g5 22.Bg3 Nxe4
23.Rxc6 Nxg3 24.hxg3 O-O 25.Kh2 Qd5 26.Ra6 Rb8 27.b3 Qc5 28.Qd2 Rb4 29.Rxa7 Qxa7
30.Qxb4 Qxf2 31.a4 Qe2 32.Qd6 Qe1 33.b4 f5 34.Qd8+ Kf7 35.b5 f4 36.Qd3 e5
37.b6 e4 38.Qd7+ Kf6 39.gxf4 e3 40.fxg5+ hxg5 41.Qd4+ Kf7 42.b7 Qb1 43.Qd7+ Kf6
44.Qd6+ Kf7 45.Qc7+  1-0

[Event "12th ch-Asia w"]
[Site "Tehran IRI"]
[Date "2007.09.07"]
[Round "5"]
[White "Paridar,S"]
[Black "Le Thanh Tu"]
[Result "0-1"]
[WhiteElo "2225"]
[BlackElo "2318"]

1.e4 e6 2.d4 d5 3.Nd2 Be7 4.Bd3 c5 5.dxc5 Nf6 6.Qe2 Nc6 7.Ngf3 Nb4 8.Nb3 Nxd3+
9.cxd3 a5 10.Bg5 a4 11.Nbd2 h6 12.Bxf6 Bxf6 13.e5 Be7 14.Rc1 Qa5 15.Qe3 Bd7
16.O-O Rc8 17.d4 O-O 18.b4 axb3 19.Qxb3 Bb5 20.Rfe1 Ra8 21.Rb1 Bc6 22.Rb2 Ra7
23.Nb1 Rb8 24.Rc1 Bd8 25.Qe3 Qc7 26.Nc3 Qd7 27.Nd2 b6 28.Nb3 Qe8 29.f4 bxc5
30.dxc5 Rb4 31.Ne2 Re4 32.Qf2 f6 33.Nd2 Rea4 34.Nc3 Ra3 35.Nf3 Be7 36.exf6 Bxf6
37.Ne5 Ra8 38.Rb6 Rc8 39.Qb2 Raa8 40.Ne2 Bxe5 41.fxe5 d4 42.Nxd4 Bd5 43.a3 Qg6
44.Nb5 Qg5 45.Re1 Rxc5 46.Nd6 Qg6 47.Re2 Qd3 48.Rb8+ Rxb8 49.Qxb8+ Kh7 50.Qb2 Rc3
51.h3 Rxa3 52.Qc2 Qxc2 53.Rxc2 Re3 54.Nf7 Kg8 55.Kf2 Re4 56.Nd6 Rxe5 57.Rc8+ Kh7
58.Rc7 h5 59.h4 Kg6 60.g3 Ba8 61.Ra7 Bc6 62.Rc7 Ba4 63.Ra7 Rd5 64.Ne4 Bc6
65.Ng5 Rd2+ 66.Ke3 Rg2 67.Kf4 Rf2+ 68.Ke3 Rf5 69.Re7 Bd5 70.Kd4 Rf6 71.Ke5 Rf5+
72.Kd4 Ba2 73.Nxe6 Kf6 74.Rxg7 Bxe6 75.Rg5 Rxg5 76.hxg5+ Kxg5 77.Ke3 Kg4
78.Kf2 Bd5  0-1

[Event "FSGM September"]
[Site "Budapest HUN"]
[Date "2007.09.09"]
[Round "9"]
[White "Wittmann,W"]
[Black "Berczes,D"]
[Result "1/2-1/2"]
[WhiteElo "2313"]
[BlackElo "2450"]

1.e4 e6 2.d4 d5 3.Nd2 Nc6 4.c3 e5 5.dxe5 dxe4 6.Qe2 Nxe5 7.Nxe4 Qe7 8.Bf4 f5
9.Nc5 Ng6 10.Qxe7+ Bxe7 11.Be3 Nf6 12.f3 O-O 13.O-O-O Bd6 14.Bf2 Kh8 15.Bc4 Ne5
16.Bb3 b6 17.Ne6 Re8 18.Nd4 Bd7 19.Bc2 g6 20.Nh3 Nc4 21.Rde1 c5 22.Nb3 Rxe1+
23.Rxe1 Re8 24.Rxe8+ Bxe8 25.g3 Bc6 26.Ng1 Ne5 27.Nd2 Bb5 28.b3 Nd3+ 29.Bxd3 Bxd3
30.c4 h5 31.Nh3 h4 32.Nf4 Bxf4 33.gxf4 Nh5 34.Be3 Kg8 35.Kb2 Kf7 36.Kc3 Be2
37.a3 Ng7 38.b4 cxb4+ 39.axb4 Ne6 40.b5 Ke8 41.Nb3 Bxf3 42.Nd4 Nxd4 43.Bxd4 Kd7
44.c5  1/2-1/2

[Event "60th ch-RUS Higher League"]
[Site "Krasnoyarsk RUS"]
[Date "2007.09.09"]
[Round "6"]
[White "Romanov,E"]
[Black "Belov,Vl"]
[Result "1/2-1/2"]
[WhiteElo "2521"]
[BlackElo "2590"]

1.e4 e6 2.d4 d5 3.Nd2 Be7 4.Ngf3 Nf6 5.Bd3 c5 6.exd5 Qxd5 7.dxc5 Bxc5 8.Nb3 Bb6
9.Qe2 Nc6 10.Bg5 Ng4 11.O-O Nge5 12.Be4 Nxf3+ 13.Qxf3 Qxg5 14.Bxc6+ Ke7 15.Bxb7 Rb8
16.Bxc8 Rhxc8 17.c3 a5 18.Rad1 Qb5 19.Rd2 Rd8 20.Rfd1 a4 21.Nc1 Rxd2 22.Rxd2 Bc7
23.g3 Be5 24.Qe3 h6 25.Nd3 Bd6 26.Qd4 a3 27.b4 Rd8 28.c4 Qg5 29.f4 Qf5 30.Ne5 Ke8
31.Qc3 Qe4 32.Nf3 Qb1+ 33.Kg2 Bxb4 34.Rxd8+ Kxd8 35.Qd4+ Ke8 36.Qb6 Qxa2+
37.Kh3 Qxc4 38.Qb8+ Ke7 39.Ne5 Qf1+ 40.Kg4 Qe2+ 41.Kh3 Qh5+  1/2-1/2

[Event "12th ch-Asia w"]
[Site "Tehran IRI"]
[Date "2007.09.09"]
[Round "7"]
[White "Gu Xiaobing"]
[Black "Le Thanh Tu"]
[Result "0-1"]
[WhiteElo "2351"]
[BlackElo "2318"]

1.e4 e6 2.d4 d5 3.Nd2 Be7 4.Ngf3 Nf6 5.e5 Nfd7 6.Bd3 c5 7.c3 Nc6 8.O-O cxd4
9.cxd4 a5 10.Re1 Nb6 11.Nf1 g5 12.Be3 Nb4 13.Bb1 Nc4 14.Qc1 g4 15.N3d2 Nxd2
16.Qxd2 h5 17.Bh6 Bf8 18.Bxf8 Kxf8 19.Qf4 Ke8 20.Ng3 h4 21.Ne2 Rg8 22.g3 Bd7
23.a3 Nc6 24.Qe3 a4 25.Nf4 Qg5 26.Bd3 Na5 27.Rac1 Bc6 28.Be2 h3 29.Rf1 Nc4
30.Bxc4 dxc4 31.d5 Bxd5 32.Nxd5 exd5 33.Qb6 Qf5 34.f3 Rd8 35.Qxb7 Qd3 36.Qc6+ Kf8
37.Qh6+ Rg7 38.fxg4 Qd4+ 39.Rf2 Kg8 40.Qxh3 Qxe5 41.Rcf1 d4 42.Qh5 Qe3 43.Qc5 Qe6
44.Qf5 d3 45.Qxe6 fxe6 46.Rf4 Rb7 47.Rxc4 Rxb2 48.Rd1 Re2 49.Rf4 e5 50.Rf2 Re3
51.Kg2 e4 52.h4 Rf8 53.Rf4 Re2+ 54.Kf1 Ra2 55.Rxf8+ Kxf8 56.Re1 d2 57.Rd1 e3
58.Ke2 Rxa3 59.Rf1+ Kg7 60.g5 Rc3 61.Rb1 Rc1 62.Rb2 Kg6 63.Rb6+ Kf5 64.g4+ Kxg4
65.Rd6 Re1+  0-1

[Event "60th ch-RUS Higher League"]
[Site "Krasnoyarsk RUS"]
[Date "2007.09.13"]
[Round "10"]
[White "Potkin,V"]
[Black "Kiriakov,P"]
[Result "1/2-1/2"]
[WhiteElo "2591"]
[BlackElo "2541"]

1.e4 e6 2.d4 d5 3.Nd2 a6 4.Ngf3 c5 5.exd5 exd5 6.dxc5 Bxc5 7.Nb3 Bb6 8.Bg5 Ne7
9.Bd3 Nbc6 10.O-O O-O 11.Re1 h6 12.Be3 Bg4 13.h3 Bh5 14.c3 Bc7 15.Be2 Re8
16.Nfd4 Bg6 17.Bd3 Qd6 18.g3 Bxd3 19.Qxd3 Qd7 20.Kg2 Ne5 21.Qc2 Rad8 22.Bf4 N7g6
23.Bxe5 Nxe5 24.Re2 b6 25.Rae1 g6 26.Nc1 h5 27.Nd3 Nxd3 28.Qxd3 b5 29.h4 Bb6
30.a3 Qc8 31.Qd1 Qa8 32.Qd3 Qc8 33.Qd1 Qa8 34.Qd3  1/2-1/2

[Event "60th ch-RUS Higher League"]
[Site "Krasnoyarsk RUS"]
[Date "2007.09.14"]
[Round "11"]
[White "Anisimov,P"]
[Black "Nepomniachtchi,I"]
[Result "0-1"]
[WhiteElo "2482"]
[BlackElo "2613"]

1.e4 e6 2.d4 d5 3.Nd2 Be7 4.Bd3 c5 5.dxc5 Nf6 6.Qe2 Nc6 7.Ngf3 Nb4 8.O-O Nxd3
9.cxd3 Bxc5 10.Nb3 Be7 11.Bg5 h6 12.Bh4 Qb6 13.e5 Ng8 14.Bg3 Bd7 15.Bf4 Qa6
16.a4 Rc8 17.Nbd4 Bc5 18.Bd2 Qb6 19.Be3 Qd8 20.Rfc1 Bb6 21.Rxc8 Qxc8 22.Bd2 Ne7
23.Bb4 Qd8 24.a5 Bc7 25.Qc2 Bb8 26.Qb3 Ng6 27.Re1 Bc7 28.Bc5 b6 29.axb6 Bxb6
30.Bxb6 Qxb6 31.Qa3 f6 32.exf6 gxf6 33.Nf5 Kf7 34.Nd6+ Kg7 35.Nf5+ Kh7 36.N3h4 Re8
37.Nxg6 Kxg6 38.Ne3 Rb8 39.Rb1 Kf7 40.Rd1 a5 41.d4 a4 42.Rd2 Rc8 43.Qa1 Be8
44.h3 Kg7 45.Qd1 h5 46.Qf3 Bg6 47.Qd1 Qb3 48.Qe1 Rc6 49.Qd1 Qb4 50.Qe2 Qa5
51.Rd1 Qb4 52.Rd2 Rb6 53.Nd1 Qc4 54.Ne3 Qc7 55.Rd1 Rb4 56.Qa6 Bf7 57.Qd3 Qb6
58.Qa3 Rxd4 59.Rxd4 Qxd4 60.b3 axb3 61.Qxb3 Qa1+ 62.Kh2 d4 63.Nc2 Qa7 64.Qg3+ Bg6
65.Nb4 Qd7 66.Nd3 e5 67.Nc5 Qd5 68.Nb3 h4 69.Qf3 e4 70.Qd1 d3 71.Nd2 Qg5
72.Qe1 Qe5+ 73.Kg1 f5 74.Nf3 Qf6 75.Nd2 f4 76.Nf1 Qe5 77.Qd2 Bh5 78.Qa2 Bf7
79.Qd2 Kg6 80.Nh2 Be6 81.Nf1 Kf6 82.Qc1 Bd7 83.Qd2 Ke6 84.Kh1 Qa1 85.Kg1 Bb5
86.g3 e3 87.fxe3 fxg3 88.Qb4 Qf6 89.Qb3+ Kd6 90.Qa3+ Kd5 91.Qa2+ Kc5 92.Qa7+ Kb4
93.Qa2 Qxf1+  0-1

[Event "TCh-FIN 2007-8"]
[Site "Finland FIN"]
[Date "2007.09.15"]
[Round "1"]
[White "Topi Hulmi,T"]
[Black "Koskinen,Hen"]
[Result "1/2-1/2"]
[WhiteElo "2277"]
[BlackElo "2295"]

1.e4 e6 2.d4 d5 3.Nd2 Be7 4.Bd3 c5 5.dxc5 Nf6 6.exd5 Qxd5 7.Ngf3 Bxc5 8.O-O Nc6
9.Qe2 O-O 10.Nb3 Be7 11.Bg5 Qd8 12.Rad1 Nd5 13.h4 Qc7 14.c4 Nf6 15.Bb1 b6
16.Nbd4 Nxd4 17.Rxd4 Bb7 18.Rfd1  1/2-1/2

[Event "17th ch-EU U18 Boys"]
[Site "Sibenik CRO"]
[Date "2007.09.20"]
[Round "7"]
[White "Plenca,J"]
[Black "Stupak,K"]
[Result "0-1"]
[WhiteElo "2204"]
[BlackElo "2377"]

1.e4 e6 2.d4 d5 3.Nd2 Nc6 4.Ngf3 Nf6 5.e5 Nd7 6.c3 f6 7.Nh4 g6 8.Qg4 Be7
9.Nxg6 Rg8 10.Qxe6 Rxg6 11.Bd3 Ndxe5 12.Bxg6+ Kf8  0-1

[Event "17th ch-EU U18 Boys"]
[Site "Sibenik CRO"]
[Date "2007.09.20"]
[Round "7"]
[White "Teixeira,RafaelG"]
[Black "Rosberg,S"]
[Result "0-1"]
[WhiteElo "2188"]
[BlackElo "2205"]

1.d4 e6 2.e4 d5 3.Nd2 Nc6 4.Ngf3 Nf6 5.e5 Nd7 6.Bb5 a6 7.Bxc6 bxc6 8.Nb3 c5
9.Na5 c6 10.Bd2 Qb6 11.c4 cxd4 12.O-O c5 13.cxd5 exd5 14.Ng5 Be7 15.Qf3 Bxg5
16.Bxg5 Qe6 17.Rfe1 O-O 18.Rac1 c4 19.Nxc4 Rb8 20.Na5 Rxb2 21.Rc6 Nxe5 22.Qa3 Nf3+  0-1

[Event "17th ch-EU U18 Boys"]
[Site "Sibenik CRO"]
[Date "2007.09.21"]
[Round "8"]
[White "Ocnarescu,V"]
[Black "Rosberg,S"]
[Result "1-0"]
[WhiteElo "2215"]
[BlackElo "2205"]

1.e4 e6 2.d4 d5 3.Nd2 Nc6 4.Ngf3 Nf6 5.e5 Nd7 6.c3 f6 7.exf6 Qxf6 8.Bb5 Bd6
9.Nf1 O-O 10.Be3 a6 11.Bxc6 bxc6 12.Ng3 Rb8 13.Qc2 e5 14.dxe5 Nxe5 15.Nxe5 Bxe5
16.O-O Bf5 17.Qe2 a5 18.f4 Bd6 19.Bd4 Qg6 20.Nxf5 Qxf5 21.Be5 Qe6 22.Rae1 Rf5
23.Bxd6 Qxe2 24.Rxe2 cxd6 25.g4 Rf7 26.Kg2 a4 27.Kg3 Rfb7 28.Rff2 Kf7 29.f5 Re7
30.Rxe7+ Kxe7 31.Kf4 Rb5 32.Kg5 Kf7 33.h4 Rc5 34.Re2 a3 35.bxa3 h6+ 36.Kh5 Rxc3
37.Rb2 Rxa3 38.Rb7+ Kf6 39.Rd7 Rxa2 40.Rxd6+ Kf7 41.Rxc6 d4 42.Rd6 Rd2 43.g5 hxg5
44.hxg5 Rh2+ 45.Kg4 Rg2+ 46.Kf4 Rf2+ 47.Ke4 Re2+ 48.Kxd4 Rd2+ 49.Ke5 Re2+
50.Kf4 Ke7 51.Ra6 Re1 52.Kg4 Rh1 53.f6+ gxf6 54.Rxf6 Rh2 55.Kf5 Rf2+ 56.Kg6 Rg2
57.Rf1 Rg3 58.Kh6 Rg2 59.g6 Rg3 60.Kg7 Rg2 61.Re1+ Kd7 62.Kf7 Rf2+ 63.Kg8 Rg2
64.g7 Rg4 65.Re2 Kd8 66.Re5 Kd7 67.Kh7 Kd6 68.Rh5  1-0

[Event "17th ch-EU U18 Boys"]
[Site "Sibenik CRO"]
[Date "2007.09.23"]
[Round "9"]
[White "Brunello,S"]
[Black "Stupak,K"]
[Result "1-0"]
[WhiteElo "2475"]
[BlackElo "2377"]

1.e4 e6 2.d4 d5 3.Nd2 Nc6 4.Ngf3 Nf6 5.e5 Nd7 6.Be2 f6 7.exf6 Qxf6 8.Nb3 Bd6
9.O-O b6 10.c4 O-O 11.Bg5 Qf7 12.Bh4 h6 13.c5 bxc5 14.dxc5 Be7 15.Bg3 Bb7
16.Bb5 Bf6 17.Bxc6 Bxc6 18.Nbd4 Nb8 19.Qb3 a5 20.Rae1 Re8 21.Ne5 Bxe5 22.Bxe5 Qd7
23.Re3 Ba4 24.Qc3 Re7 25.b3 Bc6 26.f4  1-0

[Event "6th ch-Asia"]
[Site "Cebu City PHI"]
[Date "2007.09.26"]
[Round "8"]
[White "Neelotpal,D"]
[Black "Zhang Pengxiang"]
[Result "1/2-1/2"]
[WhiteElo "2485"]
[BlackElo "2649"]

1.e4 e6 2.d4 d5 3.Nd2 Nc6 4.Ngf3 Nf6 5.e5 Nd7 6.Be2 Be7 7.Nf1 O-O 8.Ng3 f6
9.exf6 Bxf6 10.Nh5 e5 11.dxe5 Ndxe5 12.O-O Kh8 13.c3 Be6 14.Bf4 Nxf3+ 15.Bxf3 Be5
16.Re1 Qd7 17.Bg3 Bf7 18.Qd2 Bxg3  1/2-1/2

[Event "17th Senior WCh"]
[Site "Gmunden AUT"]
[Date "2007.09.27"]
[Round "10"]
[White "Plachetka,J"]
[Black "Farago,I"]
[Result "1/2-1/2"]
[WhiteElo "2412"]
[BlackElo "2501"]

1.e4 e6 2.d4 d5 3.Nd2 Be7 4.Ngf3 Nf6 5.e5 Nfd7 6.Bd3 c5 7.c3 b6 8.Qe2 a5
9.a4 Ba6 10.Bb5 Qc8 11.Nf1 Nc6 12.Ne3 O-O 13.O-O cxd4 14.cxd4 Qb7 15.Bd2 Rfc8
16.Rac1 Bxb5 17.Qxb5 Na7 18.Qd3 Rxc1 19.Rxc1  1/2-1/2

[Event "6th ch-Asia"]
[Site "Cebu City PHI"]
[Date "2007.09.28"]
[Round "10"]
[White "Ni Hua"]
[Black "Zhang Pengxiang"]
[Result "1/2-1/2"]
[WhiteElo "2681"]
[BlackElo "2649"]

1.e4 e6 2.d4 d5 3.Nd2 Nc6 4.Ngf3 Nf6 5.e5 Nd7 6.Nb3 a5 7.a4 Be7 8.Bb5 Ncb8
9.h4 c6 10.Bd3 c5 11.dxc5 Na6 12.Bxa6 Rxa6 13.Bg5 f6 14.exf6 Nxf6 15.Ne5 O-O
16.Qd4 Nd7 17.Bxe7 Qxe7 18.Nxd7 Bxd7 19.O-O Qf6 20.Qxf6 gxf6 21.f4 Kf7 22.Rfd1 Rc8
23.f5 e5 24.Rxd5  1/2-1/2

[Event "TCh-BEL 2007-8"]
[Site "Belgium BEL"]
[Date "2007.09.30"]
[Round "1"]
[White "Vandevoort,P"]
[Black "Alienkin,A"]
[Result "1-0"]
[WhiteElo "2375"]
[BlackElo "2407"]

1.e4 e6 2.d4 d5 3.Nd2 a6 4.Ngf3 c5 5.exd5 exd5 6.dxc5 Bxc5 7.Nb3 Bb6 8.Bg5 f6
9.Bf4 Nc6 10.c3 Nge7 11.Be2 O-O 12.O-O Ng6 13.Bg3 f5 14.h3 f4 15.Bh2 Be6
16.Re1 Qf6 17.Nbd4 Bxd4 18.Nxd4 Nxd4 19.Qxd4 Qg5 20.Kh1 Nh4 21.Bf1 Rf6 22.Re5 Qh6
23.Rae1 Bf7 24.a4 Ng6 25.Rxd5 Bxd5 26.Qxd5+ Kh8 27.Qxb7 Raf8 28.f3 Qh4 29.Rd1 Qf2
30.Bg1 Qg3 31.Bd4 R6f7 32.Qxa6 Nh4 33.Qe2 Nf5 34.Bc5 Qg5 35.Kg1 Ng3 36.Qc4 Rc7
37.b4 Re8 38.Qb5 Rcc8 39.a5 Nf5 40.Bf2 Qf6 41.Bb6 h6 42.Rd5 Ng3 43.Bd4 Qf7
44.Rd7 Re7 45.Rxe7 Qxe7 46.Qa6 Rxc3 47.Qxh6+ Kg8 48.Qxf4 Qxb4 49.Qe5 Rc7
50.Qe8+ Kh7 51.Bd3+ Kh6 52.Qe6+  1-0

[Event "WJun"]
[Site "Yerevan ARM"]
[Date "2007.10.03"]
[Round "1"]
[White "Mijovic,S"]
[Black "Grigoryan,Av"]
[Result "0-1"]
[WhiteElo "2228"]
[BlackElo "2489"]

1.e4 e6 2.d4 d5 3.Nd2 Nc6 4.Ngf3 Nf6 5.e5 Nd7 6.Be2 f6 7.exf6 Qxf6 8.Nf1 Bd6
9.Bg5 Qf7 10.Ne3 h6 11.Bh4 b6 12.O-O Bb7 13.c4 O-O 14.Rc1 Ne7 15.Bg3 Bf4
16.Qa4 c5 17.Bxf4 Bc6 18.Qa3 Qxf4 19.Rfd1 a5 20.cxd5 exd5 21.Rc2 Rae8 22.Rcd2 a4
23.b3 Kh8 24.Qb2 axb3 25.axb3 Nf6 26.Bd3 c4 27.Bb1 b5 28.Ne5 Ne4 29.Bxe4 Qxe4
30.Qc2 Qxc2 31.Rxc2 Rf6 32.g3 Ra8 33.bxc4 dxc4 34.d5 Bb7 35.d6 Nc6 36.Nd7 Rf7
37.Nc5 Nd8 38.d7 Bf3 39.Rb1 Re7 40.Rxb5 Ra1+  0-1

[Event "27th Open"]
[Site "Munich GER"]
[Date "2007.10.04"]
[Round "6"]
[White "Schulz,Ju3"]
[Black "Zach,A"]
[Result "0-1"]
[WhiteElo "2172"]
[BlackElo "2276"]

1.e4 e6 2.d4 d5 3.Nd2 Be7 4.Ngf3 Nf6 5.Bd3 c5 6.e5 Nfd7 7.c3 Nc6 8.O-O g5
9.Bb5 a6 10.Bxc6 bxc6 11.dxc5 Qc7 12.Nb3 Rg8 13.Nfd4 Nxc5 14.Nxc5 Bxc5 15.Qh5 Qxe5
16.Qxh7 Rh8 17.Nf3 Rxh7 18.Nxe5 f6 19.Nd3 Bd6 20.f4 gxf4 21.Bxf4 e5 22.Be3 Kf7
23.Rae1 Kg6 24.Bc5 Bc7 25.Re3 Rh5 26.h3 Rf5 27.Nf2 a5 28.b3 a4 29.b4 Ba6
30.Rd1 a3 31.Rd2 Kf7 32.Re1 Bb5 33.Ng4 Rh8 34.Be3 Ke6 35.Nh2 e4 36.Kh1 Bg3
37.Rc1 Rg8 38.Kg1 Rh5 39.Ra1 Be5 40.Bd4 Rxh3 41.Bxe5 fxe5  0-1

[Event "II Patrimon Open"]
[Site "Alcala de Henares ESP"]
[Date "2007.10.10"]
[Round "4"]
[White "Korneev,O"]
[Black "Herraiz Hidalgo,H"]
[Result "1-0"]
[WhiteElo "2587"]
[BlackElo "2484"]

1.e4 e6 2.d4 d5 3.Nd2 Be7 4.Ngf3 Nf6 5.e5 Nfd7 6.Bd3 c5 7.c3 Nc6 8.O-O a5
9.Re1 a4 10.Nf1 cxd4 11.cxd4 Nb6 12.Ng3 Nc4 13.Nh5 g6 14.Nf6+ Bxf6 15.exf6 Nb4
16.Bf1 Nd6 17.Bf4 Ne4 18.Be5 Nc6 19.Qc1 h6 20.Bd3 Nxf6 21.Qf4 Nxe5 22.dxe5 Nd7
23.Rac1 Qa5 24.Nd4 g5 25.Qf3 Qd2 26.Nb5 O-O 27.Rcd1 Qf4 28.Qe2 g4 29.Bb1 Qg5
30.Rd4 h5 31.h3 Ra5 32.hxg4 Nxe5 33.f4 Qxg4 34.Qxe5 Rxb5 35.f5 Qg5 36.f6 Qxe5
37.Rxe5 Rd8 38.Rxh5 e5 39.Rdh4  1-0

[Event "TCh-HUN 2007-8"]
[Site "Budapest HUN"]
[Date "2007.10.14"]
[Round "1"]
[White "Rigo,Z"]
[Black "Berczes,D"]
[Result "1/2-1/2"]
[WhiteElo "2401"]
[BlackElo "2430"]

1.e4 e6 2.d4 d5 3.Nd2 Nc6 4.Ngf3 Nf6 5.e5 Nd7 6.Nb3 Be7 7.Bb5 a5 8.a4 Ncb8
9.O-O O-O 10.Qe2 b6 11.Bd3 Ba6 12.c4 dxc4 13.Bxc4 Bxc4 14.Qxc4 Na6 15.Bd2 Re8
16.Nc1 Nf8 17.Ne2 Ng6 18.Rac1 Qd7 19.Nc3 Nb4 20.g3 Rac8 21.Ne4 c5 22.Bxb4 cxb4
23.Qb5 Qb7 24.Nd6 Bxd6 25.exd6 Red8 26.Rxc8 Rxc8 27.Ne5 Rd8 28.Rc1 f6 29.Rc7 Qe4
30.Nf7 Nh4 31.gxh4 Qg4+  1/2-1/2

[Event "TCh-HUN 2007-8"]
[Site "Budapest HUN"]
[Date "2007.10.14"]
[Round "1"]
[White "Veroci,Z"]
[Black "Sebestyen,Ba"]
[Result "1/2-1/2"]
[WhiteElo "2279"]
[BlackElo "2273"]

1.e4 e6 2.d4 d5 3.Nd2 Nc6 4.Ngf3 Nf6 5.e5 Nd7 6.Nb3 a5 7.a4 Be7 8.Bb5 Ncb8
9.O-O b6 10.Qe2 Ba6 11.Bxa6 Nxa6 12.c4 Nb4 13.Bd2 dxc4 14.Qxc4 Nd5 15.Qc6 O-O
16.Rac1 Rc8 17.Rfd1  1/2-1/2

[Event "IV Open"]
[Site "Calvia ESP"]
[Date "2007.10.21"]
[Round "7"]
[White "Jedynak,R"]
[Black "Farrell,N"]
[Result "1-0"]
[WhiteElo "2543"]
[BlackElo "2194"]

1.e4 e6 2.d4 d5 3.Nd2 Be7 4.e5 Nh6 5.Bd3 Nc6 6.c3 f6 7.f4 Nf7 8.Ndf3 b6 9.Ne2 f5
10.Be3 Bb7 11.O-O Qd7 12.a3 h6 13.b4 g5 14.c4 g4 15.Nd2 dxc4 16.Bxc4 Bf8
17.Qb3 Ncd8 18.Nc3 c6 19.b5 c5 20.dxc5 Bxc5 21.Bxc5 bxc5 22.Rf2 g3 23.hxg3 Rg8
24.Nf1 Qe7 25.Be2 h5 26.Bxh5 Rh8 27.Qd1 Qf8 28.g4 Qh6 29.Ng3 Rg8 30.g5 Qg7
31.Rd2 Bc8 32.Rxd8+  1-0

[Event "IV Open"]
[Site "Calvia ESP"]
[Date "2007.10.22"]
[Round "8"]
[White "Givon,A"]
[Black "Carlsson,P"]
[Result "1/2-1/2"]
[WhiteElo "1937"]
[BlackElo "2481"]

1.e4 e6 2.d4 d5 3.Nd2 Be7 4.Ngf3 Nf6 5.e5 Nfd7 6.Bd3 c5 7.c3 Nc6 8.O-O a5
9.Re1 cxd4 10.cxd4 Qb6 11.Qe2 g5 12.Nb3 g4 13.Ng5 h5 14.Qe3 a4 15.Nc5 Nxc5
16.dxc5 Qb4 17.Bd2 Qd4 18.Qe2 Bd7 19.Bc3 Qxc5 20.Nh7 O-O-O 21.Rac1 Kb8 22.Nf6 Qb6
23.Nxd7+ Rxd7 24.Bb5 d4 25.Bd2 d3 26.Bxd3 Rhd8 27.Be3 Nd4 28.Qf1 Bc5 29.Bb5 Qxb5
30.Qxb5 Nxb5 31.Rxc5 Rd5 32.Rc4 a3 33.bxa3 Nxa3 34.Rf4 Nc2 35.Rf1 R8d7 36.Rf6 Nxe3
37.fxe3 Rxe5 38.Rxf7 Rxf7 39.Rxf7 Rxe3 40.Rh7 Re5 41.Kf2 Ka7 42.Kg3 Ka6 43.h4 gxh3
44.gxh3 b5 45.Kf4 Rf5+ 46.Ke4 Ka5 47.Rh6 Rf2 48.Rxh5 Rxa2 49.Kd3 Ra3+ 50.Kc2 Re3
51.h4 Ka4 52.Rh8 Kb4 53.h5 Re2+ 54.Kc1 Kc3 55.Rc8+ Kb3 56.Re8 b4 57.h6 Rc2+
58.Kd1 Rh2 59.Rxe6 Rh1+ 60.Kd2 Kb2 61.Ra6 Rh3 62.Rb6 b3 63.Kd1 Ka2 64.Ra6+ Kb1
65.Rb6 Ka2 66.Ra6+ Kb1 67.Rb6 b2 68.Kd2 Rh2+ 69.Kd1 Rh1+ 70.Kd2 Rh5 71.Rd6 Rh2+
72.Kd1 Ka2 73.Ra6+ Kb1 74.Rb6 Rh4 75.Kd2 Rh3 76.Ra6 Rh5 77.Rd6 Rh2+ 78.Kd1 Ka2
79.Ra6+ Kb3 80.Rb6+ Kc3 81.Rc6+ Kd3 82.Rd6+ Kc4 83.Rb6 Kc5 84.Rb8 Kc4 85.h7 Kc3
86.Rc8+ Kd3 87.Rd8+ Ke3 88.Rb8 Rd2+ 89.Ke1 Rh2 90.Kd1  1/2-1/2